| 000 | 00374nam a2200133Ia 4500 | ||
|---|---|---|---|
| 008 | 231129s2003||||xx |||||||||||||| ||spa|| | ||
| 020 | _a958-33-5488-0 | ||
| 082 | _aER- 584 | ||
| 100 | _aTejada Hernando | ||
| 245 | 0 | _aHernando Tejada. Textos por Antonio MontaƱa | |
| 260 | _c2003 | ||
| 264 | _aCali: FERIVA 2003 | ||
| 942 |
_2ddc _cBKS |
||
| 999 |
_c14988 _d14988 |
||